|
|
|
|
| LEADER |
01851nam a2200349 a 4500 |
| 001 |
00023139 |
| 003 |
BD-DhAAL |
| 008 |
110626s2011 bg a b 001 0 eng d |
| 020 |
|
|
|a 9847035000800
|
| 040 |
|
|
|a BD-DhAAL
|c BD-DhAAL
|
| 082 |
0 |
0 |
|a 370.095492
|2 22
|
| 245 |
1 |
0 |
|a Political economy of madrassa education in Bangladesh :
|b genesis, growth and impact /
|c Abul Barkat... [et al.].
|
| 260 |
|
|
|a Dhaka :
|b Ramon Publishers,
|c 2010
|
| 300 |
|
|
|a xxvi, 370 pages :
|b illustrations ;
|c 25 cm.
|
| 500 |
|
|
|a "This book is written focusing on the various aspects of geology, tectonics, geodynamics and seismology of the Bengal basin of Bangladesh"--P. xii.
|
| 504 |
|
|
|a Includes bibliographical references (p.[357]-364).
|
| 541 |
1 |
|
|a Donated By Akbar Ali Khan
|e 00023139, 41074
|
| 650 |
|
0 |
|a Islamic education
|z Bangladesh.
|9 54011
|
| 650 |
|
0 |
|a Madrasahs
|9 19034
|
| 650 |
|
0 |
|a Islamic education
|x Economic aspects
|z Bangladesh.
|9 54012
|
| 650 |
|
0 |
|a Islamic education
|x Political aspects
|z Bangladesh.
|9 54013
|
| 700 |
1 |
|
|a Barkat, Abul.
|
| 700 |
1 |
|
|a Ara, Rowshan
|9 54014
|
| 700 |
1 |
|
|a Taheruddin, M.
|9 54015
|
| 700 |
1 |
|
|a Zahid, Faird M.
|9 54016
|
| 700 |
1 |
|
|a Badiuzzaman, Md.
|9 54017
|
| 852 |
4 |
|
|a Ayesha Abed Library
|j General shelf
|
| 942 |
|
|
|2 ddc
|c BK
|
| 999 |
|
|
|c 10996
|d 10996
|
| 952 |
|
|
|0 0
|1 0
|2 ddc
|4 0
|6 370_095492000000000_POL
|7 0
|9 17278
|a BRACUL
|b BRACUL
|c GEN
|d 2011-06-26
|e Ramon Publishers
|g 900.00
|l 0
|o 370.095492 POL
|p 3010023139
|r 2011-06-26
|t 1
|w 2011-06-26
|y BK
|x Available
|
| 952 |
|
|
|0 0
|1 0
|2 ddc
|4 0
|6 370_095492000000000_POL
|7 0
|9 22993
|a IGS
|b IGS
|c GEN
|d 2013-07-27
|e Pathak Shamabesh
|g 800.40
|l 0
|o 370.095492 POL
|p 3010027328
|r 2013-07-27
|t 2
|w 2013-07-27
|y BK
|
| 952 |
|
|
|0 0
|1 0
|2 ddc
|4 0
|6 370_095492000000000_POL
|7 1
|9 73505
|a BRACUL
|b BRACUL
|c AAKC
|d 2023-04-04
|e Ramon Publishers
|g 900.00
|l 0
|o 370.095492 POL
|p 3010041074
|r 2023-04-04
|t 3
|w 2011-06-26
|y BK
|x Price available in book
|